Ukrajincom Veto chutí

Štruktúra predaja spoločnosti Palma. Výroba a odbyt spoločnosti. Spoločný podnik Palma-Ukrajina so sídlom v Kyjeve. Privatizácia podniku a investície. Riešenie nedostatku surovín.

Na minha lista:
Detalhes bibliográficos
Autor principal: Holík, V.
Formato: Capítulo de Livro
Idioma:eslovaco
Assuntos:
Tags: Adicionar Tag
Sem tags, seja o primeiro a adicionar uma tag!

MARC

LEADER 00000naa a2200000 4500
001 r025283
005 20251104123646.8
041 0 |a slo 
044 |a SK 
245 1 0 |a Ukrajincom Veto chutí  |c V. Holík 
520 |a Štruktúra predaja spoločnosti Palma. Výroba a odbyt spoločnosti. Spoločný podnik Palma-Ukrajina so sídlom v Kyjeve. Privatizácia podniku a investície. Riešenie nedostatku surovín. 
610 2 0 |a Palma, a.s. Bratislava 
610 2 0 |a výroba 
610 2 0 |a odbyt 
610 2 0 |a podnik spoločný 
610 2 0 |a privatizácia 
610 2 0 |a investície 
610 2 0 |a predaj 
100 1 |a Holík, V.